[Event "San Francisco 1000 GM Memorial Day"]
[Site "San Francisco"]
[Date "2024.05.26"]
[Round "7"]
[White "Rodriguez Boado, Martin"]
[Black "Atwell, Rose"]
[Result "0-1"]
[WhiteElo "2141"]
[BlackElo "2283"]
[PlyCount "85"]
[EventDate "2024.05.23"]
[EventType "swiss"]
[EventRounds "9"]
[EventCountry "USA"]
[SourceTitle "CBM 220 Extra"]
[Source "ChessBase"]
[SourceDate "2024.07.31"]
[SourceVersion "1"]
[SourceVersionDate "2024.07.31"]
[SourceQuality "1"]

1. e4 c6 2. d4 d5 3. exd5 cxd5 4. c4 Nf6 5. Nc3 e6 6. c5 Be7 7. Bf4 0-0 8. Nf3 b6 9. b4 Ne4 10. Qc2 Nc6 11. Rb1 bxc5 12. dxc5 Nxc3 13. Qxc3 Bf6 14. Qd2 e5 15. Bb5 Bb7 16. Bg5 Nd4 17. Bxf6 Nxf3+ 18. gxf3 Qxf6 19. Rb3 d4 20. Rg1 Bd5 21. Ra3 Bxf3 22. Qg5 Qxg5 23. Rxg5 f6 24. Rxf3 fxg5 25. Bc4+ Kh8 26. Rxf8+ Rxf8 27. Be6 Rf3 28. c6 Rc3 29. b5 g6 30. a4 Kg7 31. a5 Kf6 32. Bd5 Ke7 33. b6 axb6 34. axb6 Kd8 35. Kd2 h5 36. h3 g4 37. hxg4 h4 38. g5 h3 39. Kd1 h2 40. Kd2 Rc5 41. Bf3 e4 42. Bxe4 Rb5 43. b7 0-1

[Event "Casabermeja op"]
[Site "Casabermeja"]
[Date "2021.09.12"]
[Round "6"]
[White "Gavilan Diaz, Mario"]
[Black "Rodriguez Boado, Martin"]
[Result "1-0"]
[WhiteElo "2278"]
[BlackElo "2165"]
[PlyCount "57"]
[EventDate "2021.09.09"]
[EventType "swiss"]
[EventRounds "7"]
[EventCountry "ESP"]
[SourceTitle "CBM 204 Extra"]
[Source "ChessBase"]
[SourceDate "2021.11.30"]
[SourceVersion "1"]
[SourceVersionDate "2021.11.30"]
[SourceQuality "1"]

1. e4 Nf6 2. e5 Nd5 3. d4 Nb6 4. c4 d6 5. exd6 exd6 6. Nc3 Nc6 7. Be3 Bf5 8. Nf3 Be7 9. d5 Nb8 10. Nd4 Bg6 11. f4 h6 12. Bd3 Bxd3 13. Qxd3 N8d7 14. Nf5 Bf6 15. 0-0 g6 16. Rae1 Kf8 17. Ng3 Nc5 18. Qe2 Nbd7 19. Nce4 Nxe4 20. Nxe4 Bg7 21. f5 Kg8 22. f6 Nxf6 23. Qf3 Ne8 24. Qxf7+ Kh7 25. Bd4 Rg8 26. Kh1 Qh4 27. Bf6 Qxe4 28. Rxe4 Rf8 29. Bxg7 1-0

[Event "Casabermeja op"]
[Site "Casabermeja"]
[Date "2021.09.10"]
[Round "3"]
[White "Rodriguez Boado, Martin"]
[Black "Sanchez Munoz, Jesus"]
[Result "1-0"]
[WhiteElo "2165"]
[BlackElo "1632"]
[PlyCount "29"]
[EventDate "2021.09.09"]
[EventType "swiss"]
[EventRounds "7"]
[EventCountry "ESP"]
[SourceTitle "CBM 204 Extra"]
[Source "ChessBase"]
[SourceDate "2021.11.30"]
[SourceVersion "1"]
[SourceVersionDate "2021.11.30"]
[SourceQuality "1"]

1. e4 c5 2. g3 Nc6 3. Bg2 g6 4. Ne2 Bg7 5. c3 e5 6. d3 Nge7 7. Be3 b6 8. f4 d5 9. 0-0 d4 10. cxd4 exd4 11. Bf2 c4 12. dxc4 d3 13. Nec3 Ba6 14. Qa4 Qc8 15. Rd1 1-0

[Event "Gibraltar Challengers-B 14th"]
[Site "Caleta"]
[Date "2016.01.30"]
[Round "1"]
[White "Bryant, Richard BE"]
[Black "Rodriguez Boado, Martin"]
[Result "0-1"]
[WhiteElo "1961"]
[BlackElo "2121"]
[PlyCount "86"]
[EventDate "2016.01.30"]
[EventType "swiss"]
[EventRounds "5"]
[EventCountry "GGB"]
[SourceTitle "CBM 170 Extra"]
[Source "ChessBase"]
[SourceDate "2016.02.25"]
[SourceVersion "1"]
[SourceVersionDate "2016.02.25"]
[SourceQuality "1"]

1. e4 Nf6 2. e5 Nd5 3. d4 d6 4. Nf3 g6 5. c4 Nb6 6. exd6 cxd6 7. Bd2 Bg7 8. Bc3 d5 9. c5 N6d7 10. Bb5 0-0 11. 0-0 Nf6 12. Qa4 Bd7 13. Ne5 Bxb5 14. Qxb5 Qc7 15. Ba5 Qc8 16. Nc3 Nc6 17. Nxc6 bxc6 18. Qe2 Re8 19. Rad1 Nd7 20. f4 Nf6 21. a3 h5 22. Na2 Rb8 23. Be1 Qg4 24. Rf3 Rb3 25. Rdd3 Rb7 26. Nb4 Rc8 27. Rd1 Ne4 28. Qa6 Rbc7 29. Nc2 Ra8 30. Kh1 Bh6 31. Qf1 a5 32. f5 gxf5 33. Rxf5 e6 34. Rf3 f6 35. Ne3 Qg7 36. Bh4 f5 37. Qe2 Rb8 38. Nf1 Rcb7 39. b4 axb4 40. Ng3 Nc3 41. Rxc3 bxc3 42. Nxh5 Qf7 43. Bg3 Rb2 0-1

[Event "Gibraltar Challengers-A 14th"]
[Site "Caleta"]
[Date "2016.01.28"]
[Round "4"]
[White "Rodriguez Boado, Martin"]
[Black "Eagleton, Greg T"]
[Result "1-0"]
[WhiteElo "2121"]
[BlackElo "1981"]
[PlyCount "73"]
[EventDate "2016.01.25"]
[EventType "swiss"]
[EventRounds "5"]
[EventCountry "GGB"]
[SourceTitle "CBM 170 Extra"]
[Source "ChessBase"]
[SourceDate "2016.02.25"]
[SourceVersion "1"]
[SourceVersionDate "2016.02.25"]
[SourceQuality "1"]

1. e4 c5 2. g3 Nc6 3. Bg2 d6 4. c3 Nf6 5. d4 cxd4 6. cxd4 e6 7. Nc3 Be7 8. Nge2 0-0 9. 0-0 a6 10. Bf4 Qb6 11. d5 Ne5 12. Be3 Qa5 13. Qb3 b5 14. Nd4 b4 15. f4 Neg4 16. Nc6 Qc7 17. Na4 Nxe3 18. Qxe3 exd5 19. exd5 Re8 20. Rae1 Bb7 21. Nb6 Bxc6 22. dxc6 Rab8 23. Nd5 Nxd5 24. Bxd5 h6 25. Re2 Bf6 26. Qxe8+ Rxe8 27. Rxe8+ Kh7 28. b3 Qa5 29. Rd1 Bd4+ 30. Rxd4 Qc5 31. Ree4 f5 32. Kg2 fxe4 33. Bxe4+ Kg8 34. Rc4 Qe3 35. Bf3 Qe8 36. c7 Qc8 37. Bg4 1-0

[Event "Sanxenxo Carlos op 7th"]
[Site "Sanxenxo"]
[Date "2015.06.23"]
[Round "4"]
[White "Alvarez Fernandez, Enrique"]
[Black "Rodriguez Boado, Martin"]
[Result "1-0"]
[WhiteElo "2314"]
[BlackElo "2153"]
[PlyCount "65"]
[EventDate "2015.06.20"]
[EventType "swiss"]
[EventRounds "9"]
[EventCountry "ESP"]
[SourceTitle "CBM 167 Extra"]
[Source "ChessBase"]
[SourceDate "2015.09.14"]
[SourceVersion "1"]
[SourceVersionDate "2015.09.14"]
[SourceQuality "1"]

1. d4 b5 2. e4 Bb7 3. Bxb5 Bxe4 4. Nf3 e6 5. 0-0 Nf6 6. Re1 Be7 7. c4 0-0 8. Nc3 Bc6 9. Bxc6 Nxc6 10. d5 Na5 11. h3 Re8 12. Bf4 Bb4 13. Qc2 Nb7 14. a3 Bd6 15. Bg5 h6 16. Bh4 c6 17. dxc6 dxc6 18. Rad1 Qa5 19. b4 Qc7 20. c5 Be7 21. Bg3 Qc8 22. Ne5 a5 23. Na4 Nd5 24. Rxd5 exd5 25. Nb6 Qe6 26. Nf3 Qf6 27. Be5 Qg6 28. Qxg6 fxg6 29. Nxa8 Rxa8 30. Bxg7 Kf7 31. Bxh6 axb4 32. Ne5+ Kf6 33. axb4 1-0

[Event "Mondariz Marcote Memorial"]
[Site "Mondariz"]
[Date "2014.08.24"]
[Round "9"]
[White "Lorenzo Duran, Marcos"]
[Black "Rodriguez Boado, Martin"]
[Result "1-0"]
[WhiteElo "2167"]
[BlackElo "2163"]
[PlyCount "143"]
[EventDate "2014.08.16"]
[EventType "swiss"]
[EventRounds "9"]
[EventCountry "ESP"]
[SourceTitle "EXT 2015"]
[Source "ChessBase"]
[SourceDate "2014.11.20"]
[SourceVersion "1"]
[SourceVersionDate "2014.11.20"]
[SourceQuality "1"]

1. d4 Nf6 2. c4 e6 3. Nc3 Bb4 4. e3 b6 5. Nge2 0-0 6. a3 Be7 7. e4 Bb7 8. Ng3 d5 9. cxd5 exd5 10. e5 Ne4 11. Bd3 c5 12. dxc5 Bxc5 13. Bxe4 dxe4 14. Qxd8 Rxd8 15. Ngxe4 Bd4 16. 0-0 Bxe5 17. Re1 Nc6 18. Be3 Na5 19. f4 Bc7 20. Rad1 h6 21. Kf2 Bc6 22. g3 Nc4 23. Bc1 f5 24. Nd2 b5 25. Nxc4 bxc4 26. Be3 a6 27. Rxd8+ Bxd8 28. Bd4 Rb8 29. Nd1 Be4 30. Ne3 Bd3 31. Rc1 Bb6 32. Bxb6 Rxb6 33. Nxc4 Rb3 34. Ke1 g5 35. Ne5 Be4 36. Rc8+ Kg7 37. Rc7+ Kg8 38. Nf7 gxf4 39. Nxh6+ Kf8 40. gxf4 Rxb2 41. h4 Rg2 42. Kf1 Rh2 43. Nf7 Rxh4 44. Nd6 Rxf4+ 45. Ke2 Bd5 46. Rc5 Be6 47. Ra5 Ke7 48. Ke3 Rf1 49. Ke2 Ra1 50. Rxa6 Kf6 51. Nc4 Rc1 52. Nd2 Rc3 53. Nf3 Ke7 54. Ra7+ Kd6 55. Nd4 Bc4+ 56. Kf2 f4 57. Ra5 Rd3 58. Nf5+ Ke6 59. Ng7+ Kd6 60. Nh5 f3 61. Nf6 Rb3 62. Ne4+ Ke7 63. Ra7+ Kf8 64. a4 Bd5 65. Ng3 Rb2+ 66. Ke3 Rg2 67. Nf1 Re2+ 68. Kf4 Re1 69. Ng3 f2 70. Ra5 Rg1 71. Rxd5 Rxg3 72. Rf5+ 1-0

[Event "Mondariz Marcote Memorial"]
[Site "Mondariz"]
[Date "2014.08.22"]
[Round "7"]
[White "Manolache, Marius"]
[Black "Rodriguez Boado, Martin"]
[Result "1-0"]
[WhiteElo "2490"]
[BlackElo "2163"]
[PlyCount "47"]
[EventDate "2014.08.16"]
[EventType "swiss"]
[EventRounds "9"]
[EventCountry "ESP"]
[SourceTitle "EXT 2015"]
[Source "ChessBase"]
[SourceDate "2014.11.20"]
[SourceVersion "1"]
[SourceVersionDate "2014.11.20"]
[SourceQuality "1"]

1. d4 Nf6 2. Nf3 e6 3. c4 Bb4+ 4. Nbd2 c5 5. dxc5 Bxc5 6. e3 0-0 7. Qc2 b6 8. a3 d5 9. b4 Be7 10. Bb2 Nbd7 11. cxd5 Nxd5 12. Bd3 h6 13. 0-0 Bb7 14. Rac1 a5 15. b5 Nc5 16. Bc4 Bf6 17. Nd4 Ne7 18. Rfd1 Qb8 19. Ba2 Qe5 20. Bb1 Rfd8 21. Nc6 Qxb2 22. Qh7+ Kf8 23. Nxd8 Rxd8 24. Nc4 1-0

[Event "Mondariz Marcote Memorial"]
[Site "Mondariz"]
[Date "2014.08.19"]
[Round "4"]
[White "Rodriguez Boado, Martin"]
[Black "De Prado Rodriguez, Oscar Bruno"]
[Result "1/2-1/2"]
[WhiteElo "2163"]
[BlackElo "2255"]
[PlyCount "137"]
[EventDate "2014.08.16"]
[EventType "swiss"]
[EventRounds "9"]
[EventCountry "ESP"]
[SourceTitle "EXT 2015"]
[Source "ChessBase"]
[SourceDate "2014.11.20"]
[SourceVersion "1"]
[SourceVersionDate "2014.11.20"]
[SourceQuality "1"]

1. e4 d5 2. Nc3 d4 3. Nce2 e5 4. Ng3 Be6 5. Nf3 f6 6. c3 c5 7. Bb5+ Nc6 8. Qe2 Nh6 9. 0-0 Be7 10. b4 0-0 11. bxc5 Bxc5 12. Rb1 Rb8 13. Bc4 Qd7 14. Bxe6+ Qxe6 15. c4 Nf7 16. d3 Nd6 17. a4 a6 18. Bd2 b5 19. axb5 axb5 20. cxb5 Rxb5 21. Rxb5 Nxb5 22. Rc1 Ba3 23. Rc4 Ne7 24. Qd1 Bd6 25. Qb3 Na3 26. Rb4 Qxb3 27. Rxb3 Rc8 28. Rb2 Rc2 29. Rxc2 Nxc2 30. Kf1 Bb4 31. Bc1 Bc3 32. Ne2 Ba5 33. Nd2 Nc6 34. Nc4 Bc7 35. Bd2 N2b4 36. Nc1 Kf7 37. Ke2 Ke6 38. Nb3 Na6 39. Bc1 Bd8 40. Bb2 Be7 41. g3 g6 42. f4 Nc5 43. Nxc5+ Bxc5 44. Bc1 Be7 45. Bd2 Bb4 46. Bc1 Be7 47. h3 h5 48. Nb6 Bd6 49. Nd5 Na5 50. Bd2 Nb3 51. Be1 f5 52. fxe5 Kxe5 53. g4 fxe4 54. dxe4 Kxe4 55. Nf6+ Ke5 56. Bg3+ Kxf6 57. Bxd6 hxg4 58. hxg4 Ke6 59. Bb4 Kd5 60. Kf3 Kc4 61. Be1 Nc5 62. Ba5 g5 63. Bd2 Ne6 64. Ke4 d3 65. Ke5 Nf4 66. Kf5 Nh3 67. Ke4 Nf4 68. Kf5 Nh3 69. Ke4 1/2-1/2

[Event "Mondariz op U2300 9th"]
[Site "Mondariz"]
[Date "2012.04.03"]
[Round "4"]
[White "Rodriguez Boado, Martin"]
[Black "Gomez Jurado, Luis Alberto"]
[Result "1-0"]
[WhiteElo "2170"]
[BlackElo "2266"]
[PlyCount "74"]
[EventDate "2012.03.31"]
[EventType "swiss"]
[EventRounds "8"]
[EventCountry "ESP"]
[SourceTitle "CBM 147 Extra"]
[Source "ChessBase"]
[SourceDate "2012.04.24"]
[SourceVersion "1"]
[SourceVersionDate "2012.04.24"]
[SourceQuality "1"]

1. e4 c6 2. g3 d5 3. Nc3 d4 4. Nce2 e5 5. d3 g6 6. f4 exf4 7. Bxf4 Bg7 8. Bg2 c5 9. Nf3 Nc6 10. 0-0 h6 11. Rc1 Nge7 12. c3 0-0 13. cxd4 cxd4 14. h4 Be6 15. Qd2 Kh7 16. b4 a6 17. Kh2 Qd7 18. Rc5 b6 19. Rc2 Rac8 20. Rfc1 f5 21. exf5 Bxf5 22. a4 Nd5 23. b5 axb5 24. axb5 Nce7 25. Rxc8 Nxc8 26. Rc6 Re8 27. Nexd4 Nxf4 28. Nxf5 Qxf5 29. Qxf4 Qxd3 30. h5 Ne7 31. Re6 Rf8 32. Qc7 Nd5 33. hxg6+ Qxg6 34. Qd7 Nf6 35. Qc6 Qh5+ 36. Bh3 Ng4+ 37. Kg2 Qf5 1-0

[Event "Gibraltar Challengers-B 10th"]
[Site "Caleta"]
[Date "2012.02.01"]
[Round "4"]
[White "Rodriguez Boado, Martin"]
[Black "Havik, Victor"]
[Result "1/2-1/2"]
[WhiteElo "2164"]
[BlackElo "2066"]
[PlyCount "97"]
[EventDate "2012.01.28"]
[EventType "swiss"]
[EventRounds "5"]
[EventCountry "GGB"]
[SourceTitle "CBM 146 Extra"]
[Source "ChessBase"]
[SourceDate "2012.02.29"]
[SourceVersion "1"]
[SourceVersionDate "2012.02.29"]
[SourceQuality "1"]

1. e4 e5 2. Nf3 Nc6 3. d4 exd4 4. Nxd4 Nf6 5. Nxc6 bxc6 6. e5 Qe7 7. Qe2 Nd5 8. c4 Nb6 9. Nc3 Bb7 10. h4 h6 11. Bf4 Qe6 12. 0-0-0 a5 13. g3 0-0-0 14. b3 Ba3+ 15. Kc2 g5 16. Bc1 Bxc1 17. Bh3 f5 18. Kxc1 c5 19. Nd5 Bxd5 20. cxd5 Nxd5 21. Bxf5 Qc6 22. Rxd5 Qxd5 23. Be4 Qe6 24. Rd1 Qb6 25. f4 gxf4 26. gxf4 Rde8 27. Qc4 Rhf8 28. Qd5 Qc6 29. Qd3 c4 30. Qd4 Rxf4 31. Bxc6 Rxd4 32. Rxd4 dxc6 33. Rxc4 Rxe5 34. Rxc6 h5 35. Rh6 Kb7 36. Kb2 c6 37. a3 Rf5 38. b4 axb4 39. axb4 Kb6 40. Kc3 Kb5 41. Kd3 Rf3+ 42. Ke4 Rh3 43. Rxh5+ Kxb4 44. Rh8 c5 45. h5 c4 46. h6 Kb3 47. h7 Kc3 48. Kf5 Kc2 49. Kg4 1/2-1/2

[Event "Gibraltar Challengers-A 10th"]
[Site "Caleta"]
[Date "2012.01.24"]
[Round "2"]
[White "Schouten, Freek"]
[Black "Rodriguez Boado, Martin"]
[Result "0-1"]
[WhiteElo "2073"]
[BlackElo "2164"]
[PlyCount "108"]
[EventDate "2012.01.23"]
[EventType "swiss"]
[EventRounds "5"]
[EventCountry "GGB"]
[SourceTitle "CBM 146 Extra"]
[Source "ChessBase"]
[SourceDate "2012.02.29"]
[SourceVersion "1"]
[SourceVersionDate "2012.02.29"]
[SourceQuality "1"]

1. c4 Nf6 2. g3 d5 3. Bg2 e6 4. Nf3 Be7 5. 0-0 0-0 6. d4 Nbd7 7. cxd5 exd5 8. Bf4 Re8 9. Qc2 c6 10. Nc3 Nf8 11. a3 Ne6 12. Bd2 c5 13. dxc5 Nxc5 14. Nd4 Nce4 15. Nxe4 Nxe4 16. Be3 Bf6 17. Rfd1 Bd7 18. Rac1 Qb6 19. Qc7 Ba4 20. Qxb6 axb6 21. Re1 Rac8 22. Bh3 Rc4 23. b3 Rxd4 24. Bxd4 Bxd4 25. e3 Bc3 26. bxa4 Bxe1 27. Rxe1 Nc3 28. Kf1 Kf8 29. Rc1 Nxa4 30. Bd7 Ra8 31. Bxa4 Rxa4 32. Rc7 Rxa3 33. Rxb7 Rb3 34. Rd7 Rb5 35. Ke2 Ke8 36. Rb7 Rb2+ 37. Kf3 h5 38. h4 g6 39. e4 d4 40. Ra7 b5 41. Ra1 d3 42. Rd1 d2 43. Ke3 Ke7 44. f3 Kd6 45. g4 Ke5 46. f4+ Kd6 47. gxh5 gxh5 48. Kd4 Ke6 49. Kc3 Ra2 50. Kb3 Ra4 51. Rxd2 Rxe4 52. Rf2 Kf5 53. Kc3 Rxf4 54. Rg2 Rxh4 0-1

[Event "Mondariz op 9th"]
[Site "Mondariz Balneario"]
[Date "2011.08.25"]
[Round "4.3"]
[White "Margarido, Ricardo Emanuel Tor"]
[Black "Rodriguez Boado, Martin"]
[Result "0-1"]
[WhiteElo "1926"]
[BlackElo "2120"]
[PlyCount "76"]
[EventDate "2011.08.22"]
[EventType "swiss"]
[EventRounds "7"]
[EventCountry "ESP"]
[SourceTitle "EXT 2024"]
[Source "ChessBase"]
[SourceDate "2023.10.10"]
[SourceVersion "1"]
[SourceVersionDate "2023.10.10"]
[SourceQuality "1"]

1. e4 Nf6 2. e5 Nd5 3. Nc3 c6 4. Bc4 e6 5. d4 d6 6. Nf3 dxe5 7. Nxe5 Nd7 8. Nf3 Be7 9. 0-0 N7f6 10. Bg5 0-0 11. Qe2 h6 12. Bd2 Nb4 13. Bb3 b6 14. Ne4 c5 15. dxc5 bxc5 16. a3 Nbd5 17. Rad1 Qb6 18. Ne5 Qc7 19. Nc4 Bb7 20. Na5 Bc8 21. Rfe1 Rb8 22. Nc4 Bb7 23. Ba5 Qf4 24. Nc3 Ng4 25. g3 Qf5 26. Bc7 Nxc7 27. Rd7 Bf3 28. Qf1 Nd5 29. Nxd5 exd5 30. Rexe7 dxc4 31. Bxc4 Ne5 32. Rxa7 Nxc4 33. Qxc4 Qh3 34. Qf1 Qxf1+ 35. Kxf1 Rxb2 36. Re3 Rb1+ 37. Re1 Rxe1+ 38. Kxe1 Rd8 0-1

[Event "Mondariz Balneario op 9th"]
[Site "Mondariz"]
[Date "2009.12.30"]
[Round "7"]
[White "Rodriguez Boado, Martin"]
[Black "Garcia Castro, Pablo"]
[Result "0-1"]
[WhiteElo "2165"]
[BlackElo "2396"]
[PlyCount "86"]
[EventDate "2009.12.26"]
[EventType "swiss"]
[EventRounds "7"]
[EventCountry "ESP"]
[SourceTitle "CBM 134 Extra"]
[Source "ChessBase"]
[SourceDate "2010.03.03"]
[SourceVersion "1"]
[SourceVersionDate "2010.03.03"]
[SourceQuality "1"]

1. e4 e5 2. Nf3 d6 3. d4 exd4 4. Nxd4 Nf6 5. Nc3 Be7 6. Be2 0-0 7. 0-0 Re8 8. Re1 Nbd7 9. Nf5 Bf8 10. Ng3 Nc5 11. Bf3 Nfd7 12. Be3 a5 13. Qd2 a4 14. Rad1 a3 15. b3 c6 16. Nf5 Qa5 17. Qd4 Na6 18. Ne2 Nb4 19. Bd2 Nxc2 20. Bxa5 Nxd4 21. Rxd4 Rxa5 22. Nxd6 Bxd6 23. Rxd6 Ne5 24. Rd4 c5 25. Rd2 c4 26. Rb1 Be6 27. bxc4 Nxc4 28. Rc2 Nb2 29. Ra1 b5 30. Nf4 Bc4 31. Nd5 Ra7 32. Ne3 Bd3 33. Rd2 Rc7 34. Nd1 Rec8 35. h3 Rc2 36. Rxc2 Rxc2 37. Ne3 Rc5 38. Nd5 Kf8 39. Nb4 Ke7 40. Nxd3 Nxd3 41. Be2 Rc1+ 42. Rxc1 Nxc1 43. Bxb5 Nxa2 0-1

[Event "Mondariz op 4th"]
[Site "Mondariz"]
[Date "2006.08.28"]
[Round "7.8"]
[White "Rodriguez Boado, Martin"]
[Black "Martins, Manuel Jose Lopes"]
[Result "1-0"]
[WhiteElo "2145"]
[BlackElo "2080"]
[PlyCount "47"]
[EventDate "2006.08.22"]
[EventType "swiss"]
[EventRounds "9"]
[EventCountry "ESP"]
[SourceTitle "EXT 2007"]
[Source "ChessBase"]
[SourceDate "2006.11.23"]
[SourceVersion "1"]
[SourceVersionDate "2006.11.23"]
[SourceQuality "1"]

1. e4 c5 2. Nf3 d6 3. c3 Nf6 4. Be2 Nc6 5. d4 cxd4 6. cxd4 Qa5+ 7. Nc3 Nxe4 8. d5 Nxc3 9. bxc3 Ne5 10. Nxe5 Qxc3+ 11. Bd2 Qxe5 12. 0-0 Qxd5 13. Rb1 Qxa2 14. Bb5+ Kd8 15. Ra1 Qb2 16. Qe2 b6 17. Rfb1 Qc2 18. Qf3 Rb8 19. Rc1 Bb7 20. Qh3 Bc8 21. Qe3 Qf5 22. Qc3 Qc5 23. Qf3 Qe5 24. Rxa7 1-0

[Event "Santxenxo op"]
[Site "Pontevedra"]
[Date "2004.06.22"]
[Round "10.13"]
[White "Negreira Rodriguez, Juan Carlos"]
[Black "Rodriguez Boado, Martin"]
[Result "1/2-1/2"]
[WhiteElo "2040"]
[BlackElo "2161"]
[PlyCount "131"]
[EventDate "2004.06.??"]
[EventType "swiss"]
[EventRounds "10"]
[EventCountry "ESP"]
[SourceTitle "EXT 2005"]
[Source "ChessBase"]
[SourceDate "2004.11.15"]
[SourceVersion "1"]
[SourceVersionDate "2004.11.15"]
[SourceQuality "1"]

1. e4 Nf6 2. Nc3 d5 3. exd5 Nxd5 4. Bc4 Be6 5. Qf3 c6 6. Nge2 Nc7 7. d3 Bxc4 8. dxc4 Nd7 9. 0-0 e5 10. Qg4 Ne6 11. f4 Nf6 12. Qf3 Bc5+ 13. Kh1 Qc7 14. f5 Nd4 15. Nxd4 Bxd4 16. Ne2 0-0-0 17. Nxd4 Rxd4 18. b3 Rd7 19. Qg3 Ne8 20. Be3 f6 21. Qf2 a6 22. c5 g6 23. fxg6 hxg6 24. Kg1 f5 25. Bg5 Rh5 26. h4 Rhh7 27. Rad1 Rhf7 28. b4 Ng7 29. Qe2 Ne6 30. Rxd7 Kxd7 31. Rd1+ Kc8 32. Rd6 Nxg5 33. hxg5 e4 34. Rxg6 Qe5 35. Rd6 e3 36. g6 Rf8 37. c4 Rh8 38. Qe1 Qh2+ 39. Kf1 Qh1+ 40. Ke2 Qxg2+ 41. Kd3 Qe4+ 42. Kc3 f4 43. Rd4 Qe5 44. Kd3 Qf5+ 45. Kc3 Qf6 46. Qg1 Rd8 47. Qg4+ Kc7 48. Qxf4+ Qxf4 49. Rxf4 Re8 50. Rf1 e2 51. Re1 Kd7 52. Kd2 Re6 53. g7 Rg6 54. Rxe2 Rxg7 55. Kc2 Rg3 56. Rd2+ Kc7 57. Rd3 Rg5 58. Kb3 a5 59. a3 axb4 60. axb4 Rg1 61. b5 cxb5 62. cxb5 Rb1+ 63. Kc4 Rc1+ 64. Rc3 Rd1 65. Rd3 Rc1+ 66. Kd4 1/2-1/2

[Event "Taormina"]
[Site "Taormina"]
[Date "2002.11.19"]
[Round "6"]
[White "Aleksic, Nenad"]
[Black "Rodriguez Boado, Martin"]
[Result "1-0"]
[WhiteElo "2385"]
[BlackElo "2179"]
[PlyCount "81"]
[EventDate "2002.11.15"]
[EventType "tourn"]
[EventRounds "11"]
[EventCountry "ITA"]
[SourceTitle "EXT 2007"]
[Source "ChessBase"]
[SourceDate "2006.11.23"]
[SourceVersion "1"]
[SourceVersionDate "2006.11.23"]
[SourceQuality "1"]

1. e4 Nf6 2. d3 e5 3. Nf3 Nc6 4. c3 a5 5. Be2 d5 6. Nbd2 g6 7. 0-0 Bg7 8. b3 0-0 9. Bb2 Re8 10. a3 Nh5 11. g3 Bh3 12. Re1 h6 13. Qc2 Nf6 14. Rad1 Qe7 15. b4 axb4 16. cxb4 d4 17. Rc1 Rec8 18. Nc4 Nd7 19. Bf1 Be6 20. Bg2 Na7 21. Nfd2 c5 22. bxc5 Rxc5 23. a4 b5 24. axb5 Nxb5 25. Qd1 Rcc8 26. Ra1 Rab8 27. Bf1 Nc5 28. Qc2 h5 29. Ra5 Bh6 30. Nf3 Bxc4 31. dxc4 Nd7 32. Rea1 Qe6 33. Ra6 Rc6 34. Rxc6 Qxc6 35. Bh3 f5 36. exf5 g5 37. f6 Nxf6 38. Qg6+ Bg7 39. Nxe5 Qe8 40. Qxe8+ Nxe8 41. Nc6 1-0